000 00569nam a2200229 a 4500
999 _c1974
_d1974
001 1974
003 BD-JhCC
005 20171026212103.0
008 171026s2001 n a|||| || | 001 0 eng d
020 _a9780142000281
035 _a(BD-JhCC)1974
040 _aBD-JhCC
_dBD-JhCC
041 _aeng
082 _223
_a646.7
_bALL 2001
100 _aAllen, David
245 _aGetting Things Done /
_cDavid Allen,
260 _aNew York :
_bPenguin Books,
_c2001
300 _a267 p. :
_c20 cm.
650 _aBeauty and Grooming
942 _2ddc
_cBK